Occupational Surnames Quiz Stats

 Plays Quiz Updated Dec 11, 2018

Score 0/50 Timer 07:00
5 Plays Today
Rank Surname % Correct
1Smith
87.7%
38Baker
83%
37King
75.1%
100Fisher
71.5%
6Miller
70.4%
13Taylor
69.1%
60Cook
66.6%
157Hunt
62.8%
179Weaver
60.1%
153Hunter
58%
98Butler
57.6%
213Carpenter
55.2%
149Mason
48.1%
274Brewer
44.7%
182Gardner
43.7%
64Cooper
36.7%
199Knight
34%
238Bishop
29.3%
140Freeman
22.6%
352Fletcher
22.5%
66Bailey
22%
223Wheeler
21.4%
34Wright
18.4%
46Carter
18.1%
88Sanders
17.5%
Rank Surname % Correct
71Ward
16%
226Harper
15.5%
148Porter
15.3%
49Turner
14.9%
268Bowman
14.6%
25Clark
13.1%
51Parker
11.5%
355Page
11.1%
28Walker
10.9%
102Coleman
10%
267Fowler
6%
325Barker
5.6%
87Foster
5%
256Fuller
4.6%
322Parks
4.2%
125Marshall
3.9%
137Webb
3.3%
158Palmer
3.1%
218Chapman
3%
315Becker
2.4%
359Reeves
2.4%
236Franklin
2.3%
189Spencer
2.2%
305Chambers
2%
183Payne
1.7%

You're not logged in!

Compare scores with friends on all Sporcle quizzes.
OR
Log In

Show Comments

Extras

Top Quizzes Today


Score Distribution

Your Account Isn't Verified!

In order to create a playlist on Sporcle, you need to verify the email address you used during registration. Go to your Sporcle Settings to finish the process.

Report this User

Report this user for behavior that violates our Community Guidelines.

Details: